UM Logo

Hypnosis and hypnotherapy/ (Record no. 4919)

MARC details
000 -LEADER
fixed length control field 00474nam a22001577a 4500
008 - FIXED-LENGTH DATA ELEMENTS--GENERAL INFORMATION
fixed length control field 160929b xxu||||| |||| 00| 0 eng d
020 ## - INTERNATIONAL STANDARD BOOK NUMBER
International Standard Book Number 9715503373
082 ## - DEWEY DECIMAL CLASSIFICATION NUMBER
Edition number 2000
Classification number DFil 615.8512
Item number B87
100 ## - MAIN ENTRY--PERSONAL NAME
9 (RLIN) 15492
Personal name Bulatao, Jaime C.,S.J.
245 ## - TITLE STATEMENT
Title Hypnosis and hypnotherapy/
Statement of responsibility, etc. Jaime C. Bulatao S.J.
260 ## - PUBLICATION, DISTRIBUTION, ETC. (IMPRINT)
Place of publication, distribution, etc. Quezon City:
Name of publisher, distributor, etc. ADMU-ORP,
Date of publication, distribution, etc. c2000.
300 ## - PHYSICAL DESCRIPTION
Extent 113 pages;
Dimensions 23 cm.
650 #0 - SUBJECT ADDED ENTRY--TOPICAL TERM
9 (RLIN) 15493
Topical term or geographic name as entry element Hypnotism
General subdivision therapeutic use
365 ## - TRADE PRICE
Price amount 260.00
Currency code Php.
942 ## - ADDED ENTRY ELEMENTS (KOHA)
Source of classification or shelving scheme Dewey Decimal Classification
Koha item type Filipiniana
Holdings
Withdrawn status Lost status Source of classification or shelving scheme Damaged status Not for loan Collection code Home library Current library Date acquired Source of acquisition Total Checkouts Full call number Barcode Date last seen Cost, replacement price Price effective from Koha item type
    Dewey Decimal Classification     Filipiniana UM Digos College - LIC UM Digos College - LIC 09/15/2004 Purchased   DFil 615.8512 B87 2000 17839 05/15/2025 260.00 09/29/2016 Filipiniana